| 000 | 00960nam a22002057a 4500 | ||
|---|---|---|---|
| 999 |
_c58578 _d58578 |
||
| 003 | Ge_BSU | ||
| 005 | 20220607101833.0 | ||
| 008 | 220607s2020 ge ||||| |||| 00| 0 geo d | ||
| 020 | _a9789941824791 | ||
| 041 | _ageo | ||
| 080 | _a1(410)+ 821.111-4 რ-25 | ||
| 100 |
_aრასელი, ბერტრან _913977 |
||
| 245 |
_aესეები / _cბერტრან რასელი ; მთარგმნელი დიმიტრი უჩანეიშვილი. |
||
| 264 |
_aთბილისი : _bაქტი, _c2020. |
||
| 300 |
_a148 გვ. ; _b20 სმ. |
||
| 653 | _aინგლისური ფილოსოფია. | ||
| 653 | _aინგლისური ლიტერატურა -- ესეები. | ||
| 700 |
_aუჩანეიშვილი, დიმიტრი _eმთარგმნელი, წინასიტყვაობის ავტორი. _913895 |
||
| 942 |
_2udc _cBK |
||